| Tag |
First Indicator |
Second Indicator |
Subfields |
| LEADER |
00000cam a2200000 4500 |
| 001 |
in00000046421 |
| 005 |
20151007071349.0 |
| 008 |
800603m19081918gw af 00010 gerec |
| 010 |
|
|
|a agr09000637
|
| 035 |
|
|
|a (OCoLC)06384198
|
| 035 |
|
|
|9 AAE5829AM
|
| 040 |
|
|
|a Library, U.S. Dept. of Agriculture
|c TXA
|d UtOrBLW
|
| 049 |
|
|
|a TXAM
|v 1 [A00986067]
|v 2 [A11187210]
|
| 090 |
|
|
|a QK641
|b .V58 1908
|
| 100 |
1 |
|
|a Vochting, Hermann von,
|d 1847-1917.
|
| 245 |
1 |
0 |
|a Untersuchungen zur experimentellen anatomie und pathologie des pflanzenkorpers /
|c Von Hermann Vochting.
|
| 264 |
|
1 |
|a Tubingen :
|b H. Laupp,
|c 1908-18.
|
| 300 |
|
|
|a 2 volumes :
|b illustrations, 32 plates, diagrams ;
|c 27 cm.
|
| 336 |
|
|
|a text
|b txt
|2 rdacontent
|
| 337 |
|
|
|a unmediated
|b n
|2 rdamedia
|
| 338 |
|
|
|a volume
|b nc
|2 rdacarrier
|
| 500 |
|
|
|a Bd. II is Die polaritat der gewachse.
|
| 650 |
|
0 |
|a Plant physiology.
|
| 650 |
|
0 |
|a Plant anatomy.
|
| 650 |
|
0 |
|a Plant diseases.
|
| 999 |
|
|
|a MARS
|
| 999 |
f |
f |
|s 360724cf-05f5-387e-91c3-33a1b0a4f6af
|i 601474fa-1583-349f-ba60-2558170303e3
|t 0
|
| 952 |
f |
f |
|p ric
|a Texas A&M University
|b Rellis Campus
|c Joint Library Facility
|d Remote Storage
|t 0
|e QK641 .V58 1908
|h Library of Congress classification
|i unmediated -- volume
|k v.2
|m A14811187210
|
| 952 |
f |
f |
|p ric
|a Texas A&M University
|b Rellis Campus
|c Joint Library Facility
|d Remote Storage
|t 0
|e QK641 .V58 1908
|h Library of Congress classification
|i unmediated -- volume
|k v.1
|m A14800986067
|
| 998 |
f |
f |
|a QK641 .V58 1908
|s v.1-2
|t 0
|l Remote Storage
|